Синтез моделей вычислительного эксперимента

গ্রন্থ-পঞ্জীর বিবরন
অন্যান্য লেখক: Путилов Владимир Александрович
ভাষা:রুশ
প্রকাশিত: СПб., Наука, 1992
বিষয়গুলি:
বিন্যাস: গ্রন্থ
KOHA link:https://koha.lib.tpu.ru/cgi-bin/koha/opac-detail.pl?biblionumber=28381

MARC

LEADER 00000nam0a2200000 4500
001 28381
005 20231030202818.0
010 |a 5020246778 
035 |a (RuTPU)RU\TPU\book\28637 
035 |a BOOK00000362 
090 |a 28381 
100 |a 20011209d1992 k y0rusy50 ca 
101 0 |a rus 
102 |a RU 
105 |a  000|y 
200 1 |a Синтез моделей вычислительного эксперимента  |f Отв. ред. В. А. Путилов 
210 |a СПб.  |c Наука  |d 1992 
215 |a 230 с. 
320 |a Библиогр.: с. 223-229. 
610 1 |a программирование 
610 1 |a вычислительные эксперименты 
610 1 |a математическое моделирование 
610 1 |a синтез 
610 1 |a системные модели 
610 1 |a вычислительные системы 
610 1 |a алгоритмическое проектирование 
675 |a 681.324.06  |v 3 
702 1 |a Путилов  |g Владимир Александрович 
801 0 |a RU  |b 63413507  |c 20011209  |g PSBO 
801 2 |a RU  |b 63413507  |c 20140529  |g PSBO 
942 |c BK